Financial Services (Record no. 1845)

MARC details
000 -LEADER
fixed length control field 00409nam a22001697a 4500
005 - DATE AND TIME OF LATEST TRANSACTION
control field 20180704125930.0
008 - FIXED-LENGTH DATA ELEMENTS--GENERAL INFORMATION
fixed length control field 160526b xxu||||| |||| 00| 0 eng d
041 ## - LANGUAGE CODE
Language code of text/sound track or separate title eng
082 ## - DEWEY DECIMAL CLASSIFICATION NUMBER
Item number 5272
Classification number 658.15
100 ## - MAIN ENTRY--AUTHOR NAME
Personal name Khan, M.Y.& Jain P.K.
245 ## - TITLE STATEMENT
Title Financial Services
250 ## - EDITION STATEMENT
Edition statement 5th ed.
260 ## - PUBLICATION, DISTRIBUTION, ETC. (IMPRINT)
Place of publication New Delhi
Name of publisher Academic Faundation
300 ## - PHYSICAL DESCRIPTION
Number of Pages 18.65p,
650 ## - SUBJECT ADDED ENTRY--TOPICAL TERM
Topical Term Management
942 ## - ADDED ENTRY ELEMENTS (KOHA)
Koha item type Books
Holdings
Lost status Damaged status Collection code Home library Current library Shelving location Date acquired Full call number Accession Number Koha item type
    Reference JRU Library   SHELF-30-B 26/05/2016 658.15 5272 Books
    MANAGEMENT JRU Library   SHELF-58 -L 26/05/2016 658.15 5273 Books
    MANAGEMENT JRU Library JRU Library SHELF-58 -L 26/05/2016 658.15 5274 Books
    MANAGEMENT JRU Library JRU Library SHELF-58 -L 26/05/2016 658.15 5275 Books
    MANAGEMENT JRU Library   SHELF-58 -L 26/05/2016 658.15 5276 Books
    MANAGEMENT JRU Library JRU Library SHELF-58 -L 26/05/2016 658.15 5277 Books
    MANAGEMENT JRU Library JRU Library SHELF-58 -L 26/05/2016 658.15 5278 Books
    MANAGEMENT JRU Library JRU Library SHELF-58 -L 26/05/2016 658.15 5279 Books
    MANAGEMENT JRU Library JRU Library SHELF-58 -L 26/05/2016 658.15 5280 Books